Countries...By Their Biggest Cities 2 - Statistics

General Stats
  • This quiz has been taken 60 times
  • The average score is 18 of 20
Answer Stats
Hint Answer % Correct
Seoul, Busan, Incheon South Korea
98%
Madrid, Barcelona, Valencia Spain
98%
Stockholm, Göteborg, Malmö Sweden
98%
London, Birmingham, Liverpool United Kingdom
98%
Cape Town, Durban, Johannesburg South Africa
96%
Istanbul, Ankara, Ismur Turkey
96%
Kyiv, Kharkiv, Dnipro Ukraine
96%
Belize City, San Ignacio, Orange Walk Belize
94%
Jakarta, Surabaya, Medan Indonesia
94%
Auckland, Christchurch, Wellington New Zealand
94%
Santiago, Puente Alto, Antofagasta Chilé
92%
Bucharest, Cluj-Napoca, Timisoara Romania
92%
Tripoli, Benghazi, Mizrata Libya
90%
Taipei, Kaohsiung, Taichung Taiwan
90%
Guayaquil, Quito, Cuenca Ecuador
85%
Ulaanbaatar, Erdenet, Darkhon Mongolia
83%
Karachi, Lahore, Faisalabad Pakistan
83%
Quezon City, Manila, Caloocan City The Philippines
83%
Kinshasa, Lumbabashi, Mbuji-Mayi Democratic Republic of the Congo
77%
Bamako, Sikasso, Mopti Mali
67%
No matching quizzes found
Score Distribution
Percent of People with Each Score
Percentile by Number Answered
Your Score History
You have not taken this quiz